[Event "Belgrade FIDE GP 2 Pool-B"]
[Site "Belgrade"]
[Date "2022.03.07"]
[Round "6"]
[White "Vitiugov, Nikita"]
[Black "Giri, Anish"]
[Result "1/2-1/2"]
[WhiteElo "2726"]
[BlackElo "2772"]
[Annotator "Vitiugov,Nikita"]
[PlyCount "61"]
[EventDate "2022.03.01"]
[EventType "tourn"]
[EventRounds "6"]
[EventCountry "SRB"]
[EventCategory "19"]
[SourceTitle "CBM 207"]
[Source "ChessBase"]
[SourceDate "2022.04.30"]
[SourceVersion "1"]
[SourceVersionDate "2022.04.30"]
[SourceQuality "1"]

{[%evp 0,61,25,-19,-17,-29,48,-13,33,9,14,14,14,23,27,-23,27,-27,-19,26,51,42,42,10,31,-14,-14,-10,-30,-30,-24,-12,5,-23,27,17,22,22,57,52,64,13,66,46,66,61,57,48,31,27,21,0,14,14,25,28,25,9,26,20,20,19,18,0]} {The disposition before this game was clear - in order to force the tie-breaks with Anish, I had to win this game first. Die Ausgangslage vor dieser Partie war klar - um die Tie-Breaks mit Anish zu erzwingen, musste ich zuerst diese Partie gewinnen.} 1. c4 {It couldn't come even as a small surprise, because I had already played it in Belgrade against Tabatabaei. Das konnte nicht einmal eine kleine Überraschung sein, denn ich hatte es schon in Belgrad gegen Tabatabaei gespielt.} Nf6 2. Nc3 c5 3. g3 e6 4. Nf3 d5 ({For decades the main move here was Jahrzehntelang war der Hauptzug hier} 4... b6 {, but modern engines have other opinions. , aber moderne Engines sind da anderer Meinung.}) 5. cxd5 exd5 6. d4 Nc6 7. a3 ({The main line goes Die Hauptvariante geht} 7. Bg2 cxd4 8. Nxd4 Bc5 {and here White has a choice - und hier hat Weiß eine Wahl -} 9. Nb3 ({or oder} 9. Nxc6)) 7... cxd4 {Anish reacts with a most principled way. Anish reagiert darauf sehr prinzipienfest.} ({There are many decent options for Black Es gibt viele vernünftige Optionen für Schwarz} 7... Bg4) ({or even oder sogar} 7... c4 $5) 8. Nxd4 Bc5 9. Be3 Bb6 (9... Ne5 10. Bg2 Neg4 11. Bf4 Nh5 12. e3 Nxf4 13. exf4 Qe7+ 14. Nce2 O-O 15. O-O Nf6 {1-0 (72) Matlakov,M (2685)-Abdusattorov,N (2627) Chess.com INT 2020}) 10. Bg2 O-O 11. Qd2 $146 ({RR} 11. O-O Re8 12. Na4 Bxd4 13. Bxd4 Nxd4 14. Qxd4 Rxe2 15. Nc3 Rxb2 16. Nxd5 Rb5 17. Rfd1 Be6 18. Nxf6+ Qxf6 19. Qxf6 gxf6 20. Rab1 Ra5 21. Rxb7 Rc8 22. h4 Rxa3 23. Rd4 Kg7 24. Rd6 Rc1+ 25. Kh2 Re1 {Keymer,V (2693)-Giri,A (2764) chess24.com INT 2022 ½-½ (43)}) ({RR} 11. O-O Re8 12. Kh1 Bg4 13. Re1 Qd7 14. Nxc6 Bxe3 15. Nb4 Bxf2 16. Rf1 d4 17. Rxf2 dxc3 18. Qxd7 Bxd7 19. bxc3 Ng4 20. Rf4 Rxe2 21. Bxb7 Rb8 22. Bg2 g5 23. Rd4 Rbe8 24. Bf3 Rxh2+ 25. Kg1 Ne5 {Abdusattorov,N (2777)-So,W (2747) Kolkata IND 2024 0-1 (37)}) ({RR} 11. O-O Re8 12. h3 h6 13. Rc1 Bd7 14. Qd2 Ne4 15. Nxe4 Nxd4 16. Bxd4 dxe4 17. Bxb6 axb6 18. Rfd1 Bc6 19. Qb4 Qg5 20. e3 Qa5 21. Rc4 b5 22. Rcd4 Qxb4 23. Rxb4 Ra4 24. Rdd4 Rxb4 25. axb4 Kf8 {Mamedov,E (2477)-Zhu,Y (2087) San Vicente ESP 2026 ½-½ (31)}) ({RR} 11. O-O Re8 12. Na4 Bxd4 13. Bxd4 Nxd4 14. Qxd4 Rxe2 15. Nc3 Rxb2 16. Nxd5 Rb5 17. Rfd1 Be6 18. Nxf6+ Qxf6 19. Qxf6 gxf6 20. Rab1 Ra5 21. Rxb7 Rc8 22. h4 Rxa3 23. Rd4 Kg7 24. Rd6 Rc1+ 25. Kh2 Re1 {Keymer,V (2693)-Giri,A (2764) chess24.com INT 2022 ½-½ (43)}) ({RR} 11. O-O Re8 12. Kh1 Bg4 13. Re1 Qd7 14. Nxc6 Bxe3 15. Nb4 Bxf2 16. Rf1 d4 17. Rxf2 dxc3 18. Qxd7 Bxd7 19. bxc3 Ng4 20. Rf4 Rxe2 21. Bxb7 Rb8 22. Bg2 g5 23. Rd4 Rbe8 24. Bf3 Rxh2+ 25. Kg1 Ne5 {Abdusattorov,N (2777)-So,W (2747) Kolkata IND 2024 0-1 (37)}) ({RR} 11. O-O Re8 12. h3 h6 13. Rc1 Bd7 14. Qd2 Ne4 15. Nxe4 Nxd4 16. Bxd4 dxe4 17. Bxb6 axb6 18. Rfd1 Bc6 19. Qb4 Qg5 20. e3 Qa5 21. Rc4 b5 22. Rcd4 Qxb4 23. Rxb4 Ra4 24. Rdd4 Rxb4 25. axb4 Kf8 {Mamedov,E (2477)-Zhu,Y (2087) San Vicente ESP 2026 ½-½ (31)}) 11... Na5 12. Rd1 ({Nonsense like Blödsinn wie} 12. Bg5 $2 {can't work out. kann nicht funktionieren.} Bxd4 13. Qxd4 Nb3 14. Qh4 Nxa1 15. Nxd5 Qa5+ 16. b4 Nc2+ 17. Kf1 Qxd5 18. Bxd5 Nxd5 $19) 12... Nc4 13. Qc1 Nxe3 14. Qxe3 Re8 15. Qf4 Bg4 {Up to this point we were playing the most direct way. Bis zu diesem Punkt spielten wir den direktesten Weg.} 16. O-O ({The alternative was to start with Die Alternative war, mit} 16. h3 Bh5 {But now after zu beginnen. Aber jetzt ist nach} 17. O-O {the situation is a bit different - there is no Nd5 in the air, and Black should go die Situation ein wenig anders - es liegt kein Sd5 in der Luft, und Schwarz sollte fortsetzen} Rc8 (17... Bxd4 $2 18. Rxd4 Bxe2 19. Rb1 $16) 18. g4 Bc7 19. Qd2 Bg6 {with a complicated position mit einer komplizierten Lage}) 16... Bxd4 (16... Rc8 $2 17. Nxd5 $18) 17. Rxd4 Bxe2 18. Rb1 {I remembered this nice idea from my prep, but overestimated the effect here. Without the pawn on h3 it isn't that strong. Ich erinnerte mich an diese nette Idee aus meiner Vorbereitung, aber ich überschätzte die Wirkung hier. Ohne den Bauern auf h3 ist sie nicht so stark.} Rc8 $1 {The only way to neutralize my initiative. Das ist die einzige Möglichkeit, meine Initiative zu neutralisieren.} 19. Nxd5 (19. Qd2 Rc4 $1 20. Nxe2 Rxe2 21. Qxe2 Rxd4 22. b3 $2 Ne4 $15) 19... Nxd5 20. Bxd5 Qc7 21. Re1 $6 {Allows a direct escape for Black. Ermöglicht eine direkte Flucht für Schwarz.} ({Good or bad, I should have kept the tension. It is equal as well, but at least there is room for mistakes here. Gut oder schlecht, ich hätte die Spannung halten sollen. Es ist ebenfalls ausgeglichen, aber zumindest gibt es hier Raum für Fehler.} 21. Qf5 g6 (21... Re7 $5) 22. Qf6 Qe7 23. Qf4 Qc7 24. Qh6 Re5 25. Rh4 Bh5 $11) 21... Qxf4 (21... Bb5 $5 22. Rxe8+ Bxe8 23. Qf5 g6 24. Qf6 Bc6 $11) 22. Rxf4 Rc7 {Precise calculation by Anish. Nothing worked for me here. Präzise Berechnung von Anish. Hier hat für mich nichts funktioniert.} 23. Rc4 ({The key line is Die Schlüsselvariante lautet} 23. Bc4 g5 $1 (23... Rce7 $2 24. Rxe2 Rxe2 25. Bxf7+ $18)) (23. Rb4 b6 24. Rc4 Rce7 25. Rc3 Kf8 $11) 23... Rce7 24. Rc2 b6 {The coolest. Das Coolste.} (24... g5 25. Bxb7 Bd3 26. Rxe7 Rxe7 27. Rc8+ Kg7 28. Bd5 Re1+ 29. Kg2 Bf1+ 30. Kf3 Be2+ $11) (24... Bg4 25. Rxe7 Rxe7 26. f3 Bf5 27. Be4 Be6) 25. Bc6 Bg4 26. Rxe7 Rxe7 {Now it is just a draw. Jetzt ist es einfach remis.} 27. f3 Be6 28. Kf2 g5 29. Bb5 Kg7 30. Rc3 Kf6 31. Bd3 1/2-1/2

[Event "World-ch30-KK1 Karpov-Kasparov +5-3=40"]
[Site "Moscow"]
[Date "1984.10.05"]
[Round "9"]
[White "Karpov, Anatoly"]
[Black "Kasparov, Garry"]
[Result "1-0"]
[WhiteElo "2700"]
[BlackElo "2710"]
[Annotator "King,Daniel J"]
[PlyCount "139"]
[EventDate "1984.09.10"]
[EventType "match"]
[EventRounds "48"]
[EventCountry "URS"]
[SourceTitle "MainBase"]
[Source "ChessBase"]
[SourceDate "1999.07.01"]
[SourceVersion "2"]
[SourceVersionDate "1999.07.01"]
[SourceQuality "1"]

1. d4 d5 2. c4 e6 3. Nf3 c5 4. cxd5 exd5 5. g3 Nf6 6. Bg2 Be7 7. O-O O-O 8. Nc3 Nc6 9. Bg5 cxd4 10. Nxd4 h6 11. Be3 Re8 12. Qb3 Na5 13. Qc2 Bg4 14. Nf5 Rc8 15. Bd4 Bc5 16. Bxc5 Rxc5 17. Ne3 Be6 18. Rad1 Qc8 19. Qa4 Rd8 20. Rd3 a6 21. Rfd1 Nc4 22. Nxc4 Rxc4 23. Qa5 Rc5 $146 ({RR} 23... Rd7 24. Rd4 b5 25. Rxc4 dxc4 26. Rf1 Rd6 {½-½ (26) Morovic Fernandez,I (2540)-Salazar Jacob,H (2345) Santiago de Chile 1989}) ({RR} 23... Rd7 24. Rd4 b5 25. Rxc4 dxc4 26. Rf1 Rd6 {½-½ (26) Morovic Fernandez,I (2540)-Salazar Jacob,H (2345) Santiago de Chile 1989}) 24. Qb6 Rd7 25. Rd4 Qc7 26. Qxc7 Rdxc7 27. h3 h5 28. a3 g6 29. e3 Kg7 30. Kh2 Rc4 31. Bf3 b5 32. Kg2 R7c5 33. Rxc4 Rxc4 34. Rd4 Kf8 35. Be2 Rxd4 36. exd4 Ke7 37. Na2 Bc8 38. Nb4 Kd6 39. f3 Ng8 40. h4 Nh6 41. Kf2 Nf5 42. Nc2 f6 (42... Bd7 $14 {Geller}) 43. Bd3 g5 44. Bxf5 Bxf5 45. Ne3 Bb1 46. b4 {A very similar ending has been reached to Saidy-Fischer. The differences (apart from the reversal of colours): the defending side's queenside pawns are fixed and therefore weaker; but the kingside pawns are better placed to prevent White's king breaking through. They are somewhat as I discussed in Saidy-Fischer with the exception that the h-pawn has advanced - a slight drawback from Black's point of view.} gxh4 $2 {Kasparov must have missed Karpov's reply.} ({But what happens if Black does not capture on h4? Does White have significant winning chances? In Informator Geller gives simply} 46... Bg6 $14 {. Let's continue a little further from that point. (This has probably already been researched, but I don't have an analysis of the game to hand. In a way that might be a good thing: I'm not clouded by anyone else's thoughts, no matter how erudite!)} 47. Kg2 {Black can now choose to wait with (B1) 47...Ke6, or try to simplify the position with (B2) 47...gxh4.} ({First let's look at the most direct method of play for White:} 47. hxg5 fxg5 48. f4 gxf4 (48... g4 49. f5 (49. Ng2 Ke6 {and White can't get through}) 49... Bh7 50. Ng2 Bxf5 $2 (50... Ke7 $1 51. Nf4 Kf6 52. Nxh5+ (52. Nxd5+ Kxf5 53. Ke3 Kg5 54. Nf4 (54. Nc7 h4 55. gxh4+ Kxh4 $11) 54... h4 55. gxh4+ Kxh4 56. d5 Kg5 57. d6 Bf5 (57... Kf6 58. d7 Ke7 59. Ne6 Kxd7 60. Nf8+ Kd6 61. Nxh7 Kd5 62. Nf6+ Kc4 63. Nd7 $18) 58. Nd3 Kf6 59. Nc5 Bc2 60. Kf4 Bd1 61. Nxa6 Ke6 62. Nc7+ Kxd6 63. Nxb5+ Kc6 64. Nc3 Bf3 {Unless I'm very much mistaken, with only the knight to aid the pawns, this must be a draw.}) 52... Kxf5 53. Ke3 Bg6 54. Nf4 Bf7 55. Nd3 Be6 56. Nc5 Bc8 $11) 51. Nf4 Bh7 (51... Bd7 52. Nxh5 Ke6 53. Nf4+ Kd6 54. Ke3 $18) 52. Ke3 {followed by Nh5 and Kf4 +-}) 49. gxf4 Ke6 50. Kg3 Bf7 51. Kh4 Kf6 52. f5 Be8 53. Nxd5+ Kxf5 54. Nc7 Bf7 55. Nxa6 Ke4 $11 {It appears that Black has two satisfactory methods of defence to the immediate attempt at a breakthrough, so let's now look at the more subtle...}) 47... gxh4 {Black is not obliged to capture on h4, but White is going to play g4 anyway, followed, if necessary by f4.} (47... Ke6 48. g4 gxh4 (48... hxg4 49. fxg4 {White moves the king to g3, then plays the Nh3 (for instance) forcing Black to capture on h4, so transposing to line 'B2'.}) (48... Kd6 49. Kg3 Ke6 50. f4 gxh4+ 51. Kxh4 hxg4 52. Kxg4 Be4 (52... Bf7 53. f5+ Ke7 54. Ng2 Be8 55. Nf4 Bc6 56. Ne6 Bb7 (56... Bd7 57. Nc7) 57. Kh5 Bc8 58. Nf4 Bxf5 59. Nxd5+ Kd6 60. Nxf6 Ke6 61. Kg5 Bb1 62. d5+ Ke5 $11) 53. f5+ Kf7 (53... Kd6 54. Kh5 Ke7 55. Kg6 Bf3 56. Nf1 {followed by Ng3-h5xf6 +-.}) 54. Nf1 Bc2 {I do not see how White gains access to the square c5 with the knight. The bishop blocks it out with accurate play.}) 49. Kh3 {transposes to the next variation 'B2'.}) {Although White no longer has the reply Ng2, there is...} 48. g4 $1 hxg4 49. fxg4 Ke6 50. Kh3 Be4 51. Kxh4 Bg6 52. Ng2 Be4 53. Nf4+ Kf7 54. g5 (54. Kh5 Bf3) 54... Bf3 $1 (54... Kg7 $2 55. Nh5+ Kg6 56. Nxf6 $18) (54... Ke7 $2 55. g6 $18) (54... f5 $2 $18) (54... fxg5+ $2 55. Kxg5 Ke7 56. Ng6+ Ke6 (56... Bxg6 57. Kxg6 Ke6 58. Kg5) 57. Ne5 {Followed by Nc6 and Nb8 xa6.}) 55. g6+ (55. Nd3 Kg6 56. gxf6 Kxf6 57. Kg3 Bd1 $2 (57... Be2 58. Nc5 Kf5 59. Kf2 (59. Nxa6 Ke4 $11) 59... Bh5 60. Ke3 Be8 61. Nxa6 Bd7 62. Nc5 (62. Nc7 Bc6 63. Kf3 Kg5) 62... Be8 {, and in spite of the extra pawn, I don't see how White can win. Black's king cannot be forced away from its strong position.}) 58. Kf4) (55. Nh5 fxg5+ 56. Kxg5 Bxh5 57. Kxh5 Kf6 58. Kg4 Kg6 $11) 55... Kg7 56. Kg3 Be4 57. Kg4 Bxg6 (57... Bh1 $2 58. Kf5 Be4+ 59. Ke6 Bf3 60. Nxd5 Bxd5+ 61. Kxd5 Kxg6 62. Ke6 f5 63. Ke5 Kg5 64. d5 $18) 58. Nxd5 Be4 59. Nc7 Kf7 $1 (59... Bb7 60. d5 Kf7 61. d6 Bc8+ 62. Kf4 Bb7 63. Kf5 Bc8+ 64. Ke4 Bb7+ 65. Kd4 Bc8 66. Kc5 f5 (66... Bd7 67. Nxa6 f5 68. Nb8 $18) 67. Kc6 f4 68. d7 Bxd7+ 69. Kxd7 f3 70. Nd5 $18) 60. Nxa6 Bd3 61. Nc5 Bf1 {and it seems to me that Black is able to draw this position.}) 47. Ng2 $1 {Creating an entry point for White's king - as we have already seen, the key to this ending.} hxg3+ 48. Kxg3 Ke6 49. Nf4+ Kf5 50. Nxh5 {Threatening Ng7-e8-c7, therefore the king must retreat.} Ke6 51. Nf4+ Kd6 52. Kg4 Bc2 53. Kh5 Bd1 54. Kg6 Ke7 55. Nxd5+ Ke6 (55... Kd6 {would have been better according to Geller in Informator, but obviously by this stage Black is on the edge.}) 56. Nc7+ Kd7 57. Nxa6 Bxf3 58. Kxf6 Kd6 59. Kf5 Kd5 60. Kf4 Bh1 61. Ke3 Kc4 62. Nc5 Bc6 63. Nd3 Bg2 64. Ne5+ Kc3 65. Ng6 Kc4 66. Ne7 Bb7 67. Nf5 Bg2 68. Nd6+ Kb3 69. Nxb5 Ka4 70. Nd6 {CONCLUSION  I went a bit over the top with the analysis of this ending; hope you didn't find it too boring. I will probably discover that this has all been investigated before and with greater accuracy, but anyway, these are my findings:-   Black ought to be able to draw with 46...Bg6, either by sitting tight with 47...Ke6 or simplifying with 47...gxh4. However, in both cases, great accuracy is required, and in a practical game I would say that the odds of White winning are greater than that of Black drawing. If a (youthful) 'Kasparov' can blunder, then so can anyone. One thing is clear, having the pawn on h5 makes life more difficult for Black than if it were on its starting square.} 1-0

[Event "Candidates f Kasparov-Smyslov +4-0=9"]
[Site "Vilnius"]
[Date "1984.04.07"]
[Round "12"]
[White "Smyslov, Vassily V"]
[Black "Kasparov, Garry"]
[Result "0-1"]
[WhiteElo "2600"]
[BlackElo "2710"]
[Annotator "ChessBase"]
[PlyCount "80"]
[EventDate "1984.03.10"]
[EventType "match"]
[EventRounds "13"]
[EventCountry "URS"]
[SourceTitle "Candidates"]
[Source "ChessBase"]
[SourceDate "1999.07.01"]
[SourceVersion "2"]
[SourceVersionDate "1999.07.01"]
[SourceQuality "1"]

1. d4 {ChessBase ChessBase} d5 2. Nf3 c5 3. c4 e6 4. cxd5 exd5 5. g3 Nf6 6. Bg2 Be7 7. O-O O-O 8. Nc3 Nc6 9. Bg5 cxd4 10. Nxd4 h6 11. Be3 Re8 12. a3 Be6 ({RR} 12... Bg4 13. Qc2 Bf8 14. Rad1 Rc8 15. Nxc6 Rxc6 16. Qd3 Qd7 17. Rfe1 Bf5 18. Qd2 Qc8 19. Nxd5 Nxd5 20. Qxd5 Rc2 21. Rc1 b6 22. Rxc2 Qxc2 23. Qd2 Qc8 24. Rc1 Qe6 25. Qd5 Qg6 26. Qc6 Re6 27. Qc7 {Smirnov,A (1915)-Kudriavtsev,Y (1727) Zelenograd 2022 1-0 (49)}) ({RR} 12... Bg4 13. Qc2 Bf8 14. Rad1 Rc8 15. Nxc6 Rxc6 16. Qd3 Qd7 17. Rfe1 Bf5 18. Qd2 Qc8 19. Nxd5 Nxd5 20. Qxd5 Rc2 21. Rc1 b6 22. Rxc2 Qxc2 23. Qd2 Qc8 24. Rc1 Qe6 25. Qd5 Qg6 26. Qc6 Re6 27. Qc7 {Smirnov,A (1915)-Kudriavtsev,Y (1727) Zelenograd 2022 1-0 (49)}) 13. Nxe6 ({RR} 13. Kh1 Qd7 14. Nxe6 fxe6 15. f4 Red8 ({RR} 15... d4 16. Ne4) ({RR} 15... Rad8) ({RR} 15... d4 16. Ne4) ({RR} 15... Rad8) 16. Bg1 Rac8 17. Qa4 Kh8 18. Rad1 Qe8 19. e4 d4 20. Ne2 ({RR} 20. Bxd4 b5) ({RR} 20. e5 dxc3 21. exf6 Bxf6 22. bxc3 Qe7) ({RR} 20. Bxd4 b5) ({RR} 20. e5 dxc3 21. exf6 Bxf6 22. bxc3 Qe7) 20... Bc5 21. Qb5 ({RR} 21. b4 d3 22. Nc1 Bxg1 23. Kxg1 d2 24. Nb3 Ng4 25. Rxd2 ({RR} 25. b5 Qh5 26. h3 Ne3) ({RR} 25. b5 Qh5 26. h3 Ne3) 25... Rxd2 26. Nxd2 Qd8) ({RR} 21. b4 d3 22. Nc1 Bxg1 23. Kxg1 d2 24. Nb3 Ng4 25. Rxd2 Rxd2 26. Nxd2 Qd8) 21... Bb6 22. h3 ({RR} 22. e5 Ng4 23. Bf3 Ne3 24. Bxe3 dxe3 25. Rd6 Rxd6 26. exd6 Rd8 27. Rd1 e5 28. Bxc6 bxc6 29. Qxe5 Qg6) ({RR} 22. e5 Ng4 23. Bf3 Ne3 24. Bxe3 dxe3 25. Rd6 Rxd6 26. exd6 Rd8 27. Rd1 e5 28. Bxc6 bxc6 29. Qxe5 Qg6) 22... e5 23. fxe5 ({RR} 23. Bh2) ({RR} 23. Bh2) 23... Nxe5 24. Qxe8+ ({RR} 24. Nxd4 Qxb5 25. Nxb5 Rxd1 26. Rxd1 Rc2 27. Bxb6 axb6 28. b4 Nh5) ({RR} 24. Nxd4 Qxb5 25. Nxb5 Rxd1 26. Rxd1 Rc2 27. Bxb6 axb6 28. b4 Nh5) 24... Rxe8 25. Nxd4 Nc4 26. e5 Rxe5 27. Bxb7 ({RR} 27. Rc1 Ne4 28. Kh2 Ned2 29. Rfd1 Rd8) ({RR} 27. Rc1 Ne4 28. Kh2 Ned2 29. Rfd1 Rd8) 27... Rc7 {Smyslov,V (2600)-Kasparov,G (2710) Vilnius 1984 Candidates [ChessBase] ½-½ (41)}) ({RR} 13. Qb3 Qd7 14. Nxe6 fxe6 15. Rad1 Bd6 16. Bc1 Kh8) ({RR} 13. Kh1 Qd7 14. Nxe6 fxe6 15. f4 Red8 16. Bg1 Rac8 17. Qa4 Kh8 18. Rad1 Qe8 19. e4 d4 20. Ne2 Bc5 21. Qb5 Bb6 22. h3 e5 23. fxe5 Nxe5 24. Qxe8+ Rxe8 25. Nxd4 Nc4 26. e5 Rxe5 27. Bxb7 Rc7 {Smyslov,V (2600)-Kasparov,G (2710) Vilnius 1984 Candidates [ChessBase] ½-½ (41)}) ({RR} 13. Qb3 Qd7 14. Nxe6 fxe6 15. Rad1 Bd6 16. Bc1 Kh8) 13... fxe6 14. Qa4 $146 ({RR} 14. Qb3 Na5 15. Qa2 Ng4 16. Bd4 Nc6 17. Rad1 Nxd4 18. Rxd4 Nf6 19. Rd2 Rc8 20. e4 Qa5 21. exd5 exd5 22. Nxd5 Kh8 23. b4 Qa6 24. Nxe7 Rxe7 25. Rfd1 Rce8 26. Rd8 Qb6 27. Rxe8+ Rxe8 28. h3 Rf8 {Choma,E (2276)-Schiller,E (2199) Dos Hermanas 2003 1-0 (90)}) ({RR} 14. Qb3 Na5 15. Qa2 Ng4 16. Bd4 Nc6 17. Rad1 Nxd4 18. Rxd4 Nf6 19. Rd2 Rc8 20. e4 Qa5 21. exd5 exd5 22. Nxd5 Kh8 23. b4 Qa6 24. Nxe7 Rxe7 25. Rfd1 Rce8 26. Rd8 Qb6 27. Rxe8+ Rxe8 28. h3 Rf8 {Choma,E (2276)-Schiller,E (2199) Dos Hermanas 2003 1-0 (90)}) 14... Rc8 15. Rad1 Kh8 16. Kh1 a6 17. f4 Na5 $1 18. f5 b5 $1 (18... Nc4 $2 19. Bc1 $16 {× }) (18... Rc4 $2 19. Qc2 e5 20. Qd2 $1 d4 21. Bxh6 gxh6 (21... dxc3 22. Qg5) 22. Qxh6+ Kg8 23. g4 $40 {/+-}) 19. Qh4 Ng8 $1 (19... Nc4 $2 20. Bxh6 Nh7 21. Qh5 gxh6 22. fxe6 Ne3 23. Rf7 $18) 20. Qh3 (20. Qg4 Nc4 21. Bc1 Bg5 $1 22. fxe6 Bxc1 23. Rxd5 Qb6 24. Rd7 Bg5 25. Rxg7 {! Kupreitschik} Ne5 $1 (25... Kxg7 26. Rf7+ Kh8 27. Qf5 Nf6 28. Be4 Rc7 $1 29. Rxf6 Bxf6 30. Qxf6+ Rg7 31. Qxh6+ Kg8 32. Bh7+ $1 Rxh7 33. Qg6+ Kf8 34. Qf6+ $10 {Kupreitschik}) (25... Qxe6 26. Rff7 $1 Nf6 27. Qxe6 Rxe6 28. Bh3 Rce8 29. Bxe6 Rxe6 30. h4 Bc1 (30... Ne5 31. hxg5 Nxf7 32. Rxf7 hxg5 33. Kg2 $18) 31. Rg6 Bxb2 32. Rfxf6 Rxf6 33. Rxf6 Bxc3 34. Rxh6+ Kg7 35. Rxa6 $18 {Kupreitschik}) 26. Qf5 (26. Rxg8+ Kxg8 27. Qf5 Rf8 $1 28. Qxe5 Rxf1+ 29. Bxf1 Qf2 30. Bh3 Be3 $19) 26... Kxg7 27. Qxe5+ Bf6 $19) 20... Nc4 21. Bc1 Bg5 $1 22. fxe6 Bxc1 23. Rxc1 (23. Rxd5 $2 Qb6 24. Rxc1 Nxb2 $17) 23... Ne3 24. Nxd5 $1 (24. Rg1 Nf6) 24... Nxf1 (24... Rxc1 $2 25. Rxc1 Nxd5 26. Rd1 Ngf6 (26... Ne3 27. Rxd8 Rxd8 28. Kg1) 27. Bxd5 Nxd5 28. e4 $18) 25. Rxf1 Rf8 26. Nf4 $6 (26. Be4 $146) 26... Ne7 27. Qg4 $2 { h4-h5} (27. Qh5 {  h4}) 27... g5 $1 28. Qh3 Rf6 $1 29. Nd3 Rxf1+ 30. Bxf1 Kg7 (30... Qf8 $2 31. Ne5 { f7}) 31. Qg4 Qd5+ 32. e4 (32. Bg2 Rc1+ $1 33. Nxc1 Qd1+ 34. Bf1 Qxf1#) 32... Qd4 33. h4 Rf8 34. Be2 Qe3 35. Kg2 (35. hxg5 $2 h5 $1 $19) 35... Ng6 36. h5 $6 (36. hxg5 {}) 36... Ne7 37. b4 Kh7 $1 {Zugzwang} 38. Kh2 Rd8 39. e5 Rxd3 40. Bxd3+ Qxd3 0-1

[Event "Hoogovens"]
[Site "Wijk aan Zee"]
[Date "1993.01.??"]
[Round "2"]
[White "Gelfand, Boris"]
[Black "Illescas Cordoba, Miguel"]
[Result "1-0"]
[WhiteElo "2690"]
[BlackElo "2615"]
[Annotator "Ftacnik,Lubomir"]
[PlyCount "79"]
[EventDate "1993.01.??"]
[EventType "k.o."]
[EventRounds "5"]
[EventCountry "NED"]
[SourceTitle "CBM 034"]
[Source "ChessBase"]
[SourceDate "1993.06.01"]
[SourceVersion "1"]
[SourceVersionDate "1993.06.01"]
[SourceQuality "1"]

1. d4 d5 2. c4 e6 3. Nc3 c5 4. cxd5 exd5 5. Nf3 Nc6 6. g3 Nf6 7. Bg2 Be7 8. O-O O-O 9. Bg5 cxd4 10. Nxd4 h6 11. Bf4 Bg4 12. h3 Bh5 $5 $146 (12... Bd7) 13. Nf5 Bg6 14. Nxe7+ Qxe7 $5 (14... Nxe7 15. Be5) 15. Nxd5 (15. e3 Rad8 $36) 15... Nxd5 16. Qxd5 Rad8 $1 (16... Qxe2 17. Qb3 $1 Qa6 18. Rfd1 $14) 17. Qc4 $8 Nd4 18. e4 $1 (18. e3 $2 Bd3 $1 $19) 18... b5 (18... Bxe4 $2 19. Rfe1 b5 20. Qc3 f5 21. f3 $18) 19. Qd3 f5 20. Rae1 $146 ({RR} 20. Rfe1 Bh5 21. Kh1 Qf7 22. e5 g5 23. e6 Qe7 24. Bc7 Qxc7 25. e7 Rfe8 26. exd8=Q Rxd8 27. Rac1 Qd6 28. Qe3 Rd7 29. Rc8+ Kg7 30. g4 Bf7 31. b3 fxg4 32. hxg4 b4 33. Qe5+ Qxe5 34. Rxe5 Kf6 {Adly,A (2448)-Akintola,F (2256) Abuja 2003 1-0 (38)}) ({RR} 20. Rfe1 Bh5 21. Kh1 Qf7 22. e5 g5 23. e6 Qe7 24. Bc7 Qxc7 25. e7 Rfe8 26. exd8=Q Rxd8 27. Rac1 Qd6 28. Qe3 Rd7 29. Rc8+ Kg7 30. g4 Bf7 31. b3 fxg4 32. hxg4 b4 33. Qe5+ Qxe5 34. Rxe5 Kf6 {Adly,A (2448)-Akintola,F (2256) Abuja 2003 1-0 (38)}) 20... Qf7 (20... Bh5 21. Kh1 Nf3 (21... Qf7 22. exf5 $1 (22. e5 $2 g5 23. Be3 f4 24. Bxd4 f3 $19) 22... Nf3 23. Qxb5 Nxe1 24. Rxe1 Qxf5 25. Qxf5 Rxf5 26. Re7 $14) 22. Qb3+ Qf7 23. Qxf7+ Rxf7 24. Rc1 $1 g5 (24... fxe4 25. Rc5 g5 26. Be3 $14) 25. Bc7 Rdd7 26. Ba5 $14) 21. exf5 Bxf5 22. Qc3 b4 23. Qc5 (23. Qxb4 Nc2 $10) 23... Ne6 (23... Qxa2 24. Ra1 Qxb2 25. Rxa7 $40) 24. Qxb4 Nxf4 (24... Bd3 25. Bd6 Rfe8 26. f4 $1 (26. Bc6 Bxf1 27. Rxf1 Ng5 $132) 26... Bxf1 27. Rxf1 $16) 25. gxf4 (25. Qxf4 Bd3 26. Qxf7+ Kxf7 $1 $10) 25... Qxa2 26. Re7 Rf7 $2 (26... Rb8 $1 27. Qd4 (27. Bb7 Qa6 $1 28. Qc3 Qf6 $10) 27... Qxb2 28. Rxg7+ Kh8 29. Qxb2 Rxb2 30. Rxa7 Rg8 31. Kh1 Rb4 $10) 27. Rfe1 Rxe7 (27... a5 28. Qb6) 28. Rxe7 Qa6 29. Rxg7+ $1 Kxg7 30. Qe7+ Kg6 31. Qxd8 Qa1+ 32. Kh2 Qxb2 33. Qe8+ Kg7 (33... Kf6 $2 34. Qh8+ $18) 34. Qe7+ Kg6 35. Qxa7 Qg7 36. Qc5 Qf6 37. Qd5 (37. Qe5 $5) 37... h5 38. Be4 h4 39. Bxf5+ Qxf5 40. Qg8+ (40. Qg8+ Kf6 41. Qd8+ Kg6 42. Qxh4 $18) 1-0